| 000 | nam a22 7a 4500 | ||
|---|---|---|---|
| 999 |
_c128264 _d128264 |
||
| 008 | 180926b xxu||||| |||| 00| 0 eng d | ||
| 020 | _a0829408266 | ||
| 050 | _aBD450.I4596 1995 | ||
| 245 |
_aImages of the human: _bthe philosophy of the human person in a religious context _cedited by Leonard A. Kennedy[et al]. |
||
| 260 |
_aChicago: _bLoyola Press, _c1995 |
||
| 300 |
_axix, 633p.; _c24cm. |
||
| 650 |
_aMan _917934 |
||
| 650 |
_aPhilosophical anthropology _942576 |
||
| 650 |
_aAgent (philosophy) _934126 |
||
| 650 |
_aMan (Christian theology) _942577 |
||
| 700 |
_aHunter, Brown _eed. _942578 |
||
| 700 |
_aHudecki, Dennis L. _eed. _942579 |
||
| 700 |
_aSnyder, John J. _eed. _942580 |
||
| 942 |
_2lcc _cMONOGRAPH |
||